LEADER 01422nam0-2200349---450- 001 990008528960403321 005 20070627110904.0 010 $a88-8107-211-4 035 $a000852896 035 $aFED01000852896 035 $a(Aleph)000852896FED01 035 $a000852896 100 $a20070618d2006----km-y0itay50------ba 101 0 $aita 102 $aIT 105 $a--------001cy 200 1 $a<>istituzione totale dei giorni nostri$ei centri di "accoglienza" e di "permanenza temporanea"$eun'indagine sul campo$fElisabetta Quarta$gprefazione di Luigi Perrone 210 $aMilano$cGuerini e Associati$d2006 215 $a254 p.$d22 cm 225 1 $a<>vissuto sociale$v8 320 $aContiene bibl. e siti internet (pp. 245-254) 330 $aIl lavoro presenta i risultati di un?indagine sul campo sui Centri di detenzione amministrativa salentini, che, grazie al metodo della ricerca-azione, ha immerso i ricercatori nell?universo da conoscere e ha permesso di guardare le cose dal di dentro e di condividerle con chi le viveva in prima persona. 610 0 $aImmigrati$aItalia$aAssistenza sociale 676 $a362.84$v21$zita 700 1$aQuarta,$bElisabetta$0312264 801 0$aIT$bUNINA$gRICA$2UNIMARC 901 $aBK 912 $a990008528960403321 952 $a362.84 QUA 1$b3491$fBFS 959 $aBFS 996 $aIstituzione totale dei giorni nostri$9733532 997 $aUNINA LEADER 01793nam2 2200409 i 450 001 URB0133153 005 20251003044432.0 010 $a8802058083 020 $aIT$b2002-3185 100 $a20070530d2001 ||||0itac50 ba 101 | $aita 102 $ait 181 1$6z01$ai $bxxxe 182 1$6z01$an 200 1 $aˆ3: ‰Contratti, titoli di credito, procedure concorsuali$fGian Franco Campobasso 205 $a3. ed 210 $aTorino$cUTET$d[2001] 215 $aXXII, 432 p.$d24 cm. 461 1$1001CFI0044740$12001 $aDiritto commerciale$fGian Franco Campobasso$v3 606 $aTitoli di credito$2FIR$3CFIC003454$9I 606 $aContratti$2FIR$3CFIC005108$9E 606 $aProcedure concorsuali$2FIR$3CFIC003216$9E 676 $a346$9DIRITTO PRIVATO$v14 676 $a346.02$9DIRITTO PRIVATO. CONTRATTI E RAPPRESENTANZA$v21 676 $a346.4507$9DIRITTO COMMERCIALE. ITALIA$v21 696 $aProcedure concursuali 699 $aProcedure concorsuali$yProcedure concursuali 700 1$aCampobasso$b, Gian Franco$3CFIV028462$4070$0113005 790 1$aCampobasso$b, Gianfranco$f <1942- >$3CFIV276827$zCampobasso, Gian Franco 790 1$aCampobasso$b, Gianfranco$f <1942- >$3CFIV276827$zCampobasso, Gian Franco 801 3$aIT$bIT-000000$c20070530 850 $aIT-BN0095 $aIT-AV0001 $aIT-AV0007 $aIT-NA0079 912 $aURB0133153 950 2$aBiblioteca Centralizzata di Ateneo$cv. 1-3 (in diverse edizioni)$d 01ARECHI DEMM 24$e 01C 0080018565 VMA (0003 3.ed v. 3 (Precedente collocazione: D (C) 00 1856)$fB $h20121024$i20121024 977 $a 01$a AL$a AV$a BN 996 $aContratti, titoli di credito, procedure concorsuali$935731 997 $aUNISANNIO